[Event "British Rapidplay"]
[Site "Peterborough"]
[Date "2024.03.02"]
[Round "2"]
[White "Sriram, Gautam"]
[Black "Takvorian, Sebouh"]
[Result "0-1"]
[WhiteElo "1548"]
[BlackElo "1823"]
[PlyCount "102"]
[EventDate "2024.03.02"]
[EventType "swiss (rapid)"]
[EventRounds "11"]
[EventCountry "ENG"]
[SourceTitle "CB10_2024"]
[SourceDate "2024.03.06"]
[SourceVersion "1"]
[SourceVersionDate "2024.03.06"]
[SourceQuality "1"]

1. e4 e6 2. d4 d5 3. exd5 exd5 4. Bd3 Bd6 5. Nf3 Ne7 6. 0-0 Nbc6 7. c3 Bg4 8. h3 Bh5 9. Be3 Qd7 10. Nbd2 0-0-0 11. b4 f6 12. Qc2 g5 13. b5 Nb8 14. Ne1 g4 15. h4 f5 16. Bg5 Rdf8 17. Bxe7 Bxe7 18. g3 f4 19. gxf4 Rxf4 20. Ng2 Rf7 21. a4 Qd8 22. Bf5+ Nd7 23. Nf4 Bg6 24. Nxg6 hxg6 25. Bxg6 Rg7 26. h5 Nf6 27. Bf5+ Kb8 28. Kg2 Nxh5 29. Rh1 Nf4+ 30. Kg3 Ne2+ 31. Kg2 Bd6 32. Rxh8 Qxh8 33. Rh1 Nf4+ 34. Kg1 Nh3+ 35. Kg2 Qh4 36. Nb3 Qg5 37. Re1 Nf4+ 38. Kg1 Rg8 39. Nc5 Qh4 40. Nd7+ Ka8 41. a5 Rh8 42. Bh7 g3 43. fxg3 Qxg3+ 44. Kf1 Qh3+ 45. Kg1 Qxd7 46. Bf5 Qg7+ 47. Kf2 Qg2+ 48. Ke3 Re8+ 49. Be4 Qxc2 50. Kf3 Qg2+ 51. Ke3 Rxe4# 0-1